00469nam a2200145Ia 4500008004100000041000800041082001200049100003300061245002000094260004700114300002400161365000700185999001700192952011400209240624s9999 xx 000 0 und d aeng a368 III aINSURANCE INSTITUTE OF INDIA aMOTOR INSURANCE c2009aMumbaibInsurance Institute of India a392 : p. : cm. ; 21 cRS c15215d15215 02104070aIMTNbIMTNcRack 16-Ad2010-06-01g100.00o368 IIIp15215r2024-06-24 00:00:00t1w2024-06-24yBK